| 000 | 00974cam a22003257a 4500 | ||
|---|---|---|---|
| 003 | CHAP | ||
| 005 | 20220817041008.0 | ||
| 008 | 971013s1988 r 00010 d | ||
| 010 | _a4195 | ||
| 011 | _a5167 | ||
| 035 | _a4373 | ||
| 040 | _cCHAP | ||
| 090 | _aFolleto 13563 | ||
| 110 |
_aMéxico. Secretaría de Desarrollo Urbano y Ecología _977163 |
||
| 245 | 1 | 4 | _aLos árboles te necesitan |
| 260 |
_aMéxico, D.F. : _bSEDUE, _c1988 |
||
| 300 |
_a13 p. _b: ilus |
||
| 490 | 0 |
_aBoletín ecológico _v; 6 |
|
| 500 | _aD53-28 | ||
| 590 |
_aBATCH-UPD _b10 _c20130110 _lUCH01 _h1617 |
||
| 590 |
_aBATCH-UPD _b10 _c20130410 _lUCH01 _h1012 |
||
| 590 |
_aBATCH-UPD _b10 _c20130914 _lUCH01 _h0706 |
||
| 590 |
_aCONVERSION _b10 _c20130109 _lUCH01 _h1303 |
||
| 650 | 1 | 4 |
_aBosques _xPreservación. |
| 650 | 1 | 4 |
_aEcología forestal. _935176 |
| 830 | 0 |
_aBoletín ecológico _v; 6 _913550 |
|
| 901 | _aBK | ||
| 942 | _cFOLL | ||
| 949 |
_aFolleto 13563 _bBC _cFOLL _d-13911 _eTS1 _i4373 _mD _si |
||
| 999 |
_c4195 _d4195 |
||